El reino de este mundo / (Registro nro. 12912)
[ vista simple ]
| 000 -LIDER | |
|---|---|
| fixed length control field | 00509nam a22001817a 4500 |
| 003 - IDENTIFICACDOR DE NÚMERO DE CONTROL | |
| control field | DO-SdBNP |
| 005 - DATE AND TIME OF LATEST TRANSACTION | |
| control field | 20171129153530.0 |
| 008 - ELEMENTOS DE LONGITUD FIJA | |
| fixed length control field | 171116b 19uu||| |||| 00| 0 spa d |
| 040 ## - FUENTE DE CATALOGACIÓN | |
| Agencia que crea de manera original el registro | BPMSU |
| Idioma de catalogación | spa |
| Agencia que realiza la transcripción | BPMSU |
| 082 ## - NÚMERO DE CLASIFICACIÓN DECIMAL DE DEWEY | |
| Classification number | xxxxxxx |
| Item number | xxxxxxx |
| 100 1# - ASIENTO PRINCIPAL -- NOMBRE PERSONAL | |
| Nombre personal | Carpentier, Alejo |
| 245 13 - MENCIÓN DE TITULO | |
| Título | El reino de este mundo / |
| Mención de responsabilidad | Alejo Carpentier |
| 260 ## - PUBLICACIÓN, DISTRIBUCIÓN, ETC. (PIE DE IMPRENTA) | |
| Lugar de publicación, distribución, etc | [s. n.] : |
| Nombre del editor, distribuidor, etc. | [s. l.], |
| Fecha de publicación, distribución, etc | [198?]. |
| 300 ## - DESCRIPCIÓN FÍSICA | |
| Extensión | 143 p. ; |
| Dimensiones | 19 cm. |
| 942 ## - ADDED ENTRY ELEMENTS (KOHA) | |
| Source of classification or shelving scheme | Dewey Decimal Classification |
| Koha item type | Libros |
| 945 ## - INFORMACIÓN DE PROCESAMIENTO LOCAL | |
| Información de procesamiento local | Inventariado extranjero / 2017 YL |
| 956 ## - LOCAL ELECTRONIC LOCATION AND ACCESS (OCLC) | |
| Nombre de host | BTAVAREZ |
| Número de acceso | 10 |
| Información de compresión | 20171116 |
| Trayectoria | 0038 |
| Withdrawn status | Lost status | Source of classification or shelving scheme | Damaged status | Not for loan | Collection code | Home library | Current library | Date acquired | Source of acquisition | Total Checkouts | Full call number | Barcode | Date last seen | Price effective from | Koha item type |
|---|---|---|---|---|---|---|---|---|---|---|---|---|---|---|---|
| Dewey Decimal Classification | Colección General | Biblioteca Pública Metropolitana Salomé Ureña | Biblioteca Pública Metropolitana Salomé Ureña | 11/16/2017 | FUNDI | xxxxxxx xxxxxxx | BPMSU17110220 | 11/16/2017 | 11/16/2017 | Libros |